PPGARDCOCOM ? - Statistiques

Statistiques générales
  • Ce quiz a été pris 6 fois
  • Le résultat moyen est 8 sur 11
Statistiques - réponses
Indice Réponse % Correct
A apprécier une distance
100%
D Désigner un objectif
100%
G Garder la liaison
100%
P Se Proteger
100%
C Communiquer
67%
M Mettre en oeuvre son armement
67%
O Observer
67%
R Rendre Compte
67%
C Se Camoufler
67%
O S'orienter
67%
P Progresser
33%
Aucun quiz correspondant
Distribution des résultats
% des personnes avec chaque résultat
Percentile par nombre de réponses
Votre historique - résultats
Vous n’avez pas pris ce quiz